00359 2200145 4500245006600000250001100066100002900077650001700106650001600123005001900139260001800158041001400176084001400190336000900204 aAku Datang, Motor Papa HilangcCahaya Septiani RamadhanhText aCet. 1 aCahaya Septiani Ramadhan aAutobiografi aKarya Siswa a20250522101759 aJakartac2025 aIndonesia a081 CAH a atext